000 00672nam a2200241Ia 4500
003 OSt
005 20220928114908.0
006 a|||||r|||| 00| 0
007 ta
008 220927b |||||||| |||| 00| 0 eng d
024 _a57497
037 _cTextual
040 _aSDCL
_cSDCL
_beng
041 _2eng
_aeng
082 _aY:434.1(X)'N9, N7
100 _aSubramanian S Ed.
_9442204
245 0 _aMeasurement of inequality and poverty
260 _aDelhi
_bOxford University Press
_c1997
300 _ax,369p
_ccm.
490 _aOxford in India readings
942 _hY:434.1(X)'N9, N7
_cTEXL
_2CC
999 _c757491
_d757491